Guide to the WTO and GATT : (Record no. 146243)

MARC details
000 -LEADER
fixed length control field 00948nam a22002297a 4500
005 - DATE AND TIME OF LATEST TRANSACTION
control field 20180608120506.0
010 ## - LCCN (DPL NO)
LC control number 1718EN-30 B-689552-563
020 ## - INTERNATIONAL STANDARD BOOK NUMBER
International Standard Book Number 9789382823278
Terms of availability 650.00
020 ## - INTERNATIONAL STANDARD BOOK NUMBER
International Standard Book Number 9789382823889
Terms of availability 750.00
035 ## - SYSTEM CONTROL NUMBER
System control number B-689552-563
037 ## - SOURCE OF ACQUISITION
Source of stock number/acquisition Satyam Law International
Stock number dpl
082 ## - DEWEY DECIMAL CLASSIFICATION NUMBER
Classification number 343.087
100 ## - MAIN ENTRY--PERSONAL NAME
Personal name Koul, Autar Krishen
245 ## - TITLE STATEMENT
Title Guide to the WTO and GATT :
Statement of responsibility, etc by Autar Krishen Koul
Remainder of title economics, law and politics /
250 ## - EDITION STATEMENT
Edition statement 6th ed
260 ## - PUBLICATION, DISTRIBUTION, ETC. (IMPRINT)
Place of publication, distribution, etc New Delhi
Name of publisher, distributor, etc Satyam Law International
Date of publication, distribution, etc 2018
270 ## - ADDRESS
Address 2/13, Ansari Road, Daryaganj,
City New Delhi
Postal code 110002
300 ## - PHYSICAL DESCRIPTION
Extent xxvi,678p.
Dimensions 23cm(pbk)
500 ## - GENERAL NOTE
General note Includes bibliographical references and index
942 ## - ADDED ENTRY ELEMENTS (KOHA)
Source of classification or shelving scheme Dewey Decimal Classification
Item type English Books
Call number suffix KOU
Classification part 343.087
Holdings
Withdrawn status Lost status Not for loan Collection code Home library Current library Date acquired Source of acquisition Cost, normal purchase price Full call number Barcode Copy number Cost, replacement price Koha item type
      Non-fiction Ashok Vihar Ashok Vihar 08/06/2018 Satyam Law International/207/04-12-17/578/20-11-17/30-01-18 750.00 343.087 KOU B-689553 1 750.00 English Books
      Non-fiction Bagh Kadhe Khan Bagh Kadhe Khan 08/06/2018 Satyam Law International/207/04-12-17/578/20-11-17/30-01-18 750.00 343.087 KOU B-689561 1 750.00 English Books
      Non-fiction Bawana Bawana 08/06/2018 Satyam Law International/207/04-12-17/578/20-11-17/30-01-18 750.00 343.087 KOU B-689563 1 750.00 English Books
      Non-fiction Central Library Central Library 08/06/2018 Satyam Law International/207/04-12-17/578/20-11-17/30-01-18 750.00 343.087 KOU B-689552 1 750.00 English Books
      Non-fiction Janak Puri Janak Puri 08/06/2018 Satyam Law International/207/04-12-17/578/20-11-17/30-01-18 750.00 343.087 KOU B-689558 1 750.00 English Books
      Non-fiction Kasturba Gandhi Marg Kasturba Gandhi Marg 08/06/2018 Satyam Law International/207/04-12-17/578/20-11-17/30-01-18 750.00 343.087 KOU B-689555 1 750.00 English Books
      Non-fiction Narela Narela 08/06/2018 Satyam Law International/207/04-12-17/578/20-11-17/30-01-18 750.00 343.087 KOU B-689562 1 750.00 English Books
      Non-fiction New Rohtak Road New Rohtak Road 08/06/2018 Satyam Law International/207/04-12-17/578/20-11-17/30-01-18 750.00 343.087 KOU B-689560 1 750.00 English Books
      Non-fiction Patel Nagar Patel Nagar 08/06/2018 Satyam Law International/207/04-12-17/578/20-11-17/30-01-18 750.00 343.087 KOU B-689554 1 750.00 English Books
      Non-fiction Peshwa Road Peshwa Road 08/06/2018 Satyam Law International/207/04-12-17/578/20-11-17/30-01-18 750.00 343.087 KOU B-689556 1 750.00 English Books
      Non-fiction Sarojini Nagar Sarojini Nagar 08/06/2018 Satyam Law International/207/04-12-17/578/20-11-17/30-01-18 750.00 343.087 KOU B-689559 1 750.00 English Books
      Non-fiction Tri Nagar Tri Nagar 08/06/2018 Satyam Law International/207/04-12-17/578/20-11-17/30-01-18 750.00 343.087 KOU B-689557 1 750.00 English Books

© Delhi Public Library
Hit Counter
free hit counter